Town Planning - A Text Book for Engineering Student 31st Ed. (Record no. 19155)
[ view plain ]
| 000 -LEADER | |
|---|---|
| fixed length control field | 00472nam a2200169Ia 4500 |
| 008 - FIXED-LENGTH DATA ELEMENTS--GENERAL INFORMATION | |
| fixed length control field | 221220s9999 xx 000 0 und d |
| 020 ## - INTERNATIONAL STANDARD BOOK NUMBER | |
| ISBN | 978-93-85039-43-0 |
| 041 ## - LANGUAGE CODE | |
| Language code of text/sound track or separate title | |
| 100 ## - MAIN ENTRY--AUTHOR NAME | |
| Personal name | S. C. Rangwala |
| 245 #0 - TITLE STATEMENT | |
| Title | Town Planning - A Text Book for Engineering Student 31st Ed. |
| Statement of responsibility, etc | by S. C. Rangwala, K. B. Dalal |
| 250 ## - EDITION STATEMENT | |
| Edition statement | 31st |
| 260 ## - PUBLICATION, DISTRIBUTION, ETC. (IMPRINT) | |
| Name of publisher | Charotar Pub. |
| Place of publication | Gujarat |
| Year of publication | 2021 |
| 300 ## - PHYSICAL DESCRIPTION | |
| Number of Pages | 256 |
| 650 ## - SUBJECT ADDED ENTRY--TOPICAL TERM | |
| Topical Term | BE Computer |
| 700 ## - ADDED ENTRY--PERSONAL NAME | |
| Personal name | K. B. Dalal |
| 942 ## - ADDED ENTRY ELEMENTS (KOHA) | |
| Source of classification or shelving scheme | |
| Koha item type | Books |
| Accession Number | Cost, normal purchase price | Bill Date | Source of acquisition | Price effective from | Koha item type | Withdrawn / writtenoff status | Materials specified (bound volume or other part) | Damaged status | Not for loan | Permanent Location | Current Location | Shelving location | Date acquired | Lost/ Missing status | department |
|---|---|---|---|---|---|---|---|---|---|---|---|---|---|---|---|
| BE 24673 | 200.00 | 44 | ABD, Jammu | 12/20/2022 | Books | Not For Loan | MIET Library, Jammu | MIET Library, Jammu | 108/6 | BE | |||||
| BE 24674 | 200.00 | 44 | ABD, Jammu | 12/20/2022 | Books | MIET Library, Jammu | MIET Library, Jammu | 40/1 | BE | ||||||
| BE 24675 | 200.00 | 44 | ABD, Jammu | 12/20/2022 | Books | MIET Library, Jammu | MIET Library, Jammu | 40/1 | BE | ||||||
| BE 24676 | 200.00 | 44 | ABD, Jammu | 12/20/2022 | Books | MIET Library, Jammu | MIET Library, Jammu | 40/1 | BE | ||||||
| BE 24677 | 200.00 | 44 | ABD, Jammu | 12/20/2022 | Books | MIET Library, Jammu | MIET Library, Jammu | 40/1 | BE |